تخطي إلى المحتوى
Inicio
Centros participantes
Catálogo
Servicios
Contacto
تسجيل الدخول
English
Deutsch
Español
Français
Italiano
日本語
Nederlands
Português
Português (Brasil)
中文(简体)
中文(繁體)
Türkçe
עברית
Gaeilge
Cymraeg
Ελληνικά
Català
Euskara
Русский
Čeština
Suomi
Svenska
polski
Dansk
slovenščina
اللغة العربية
বাংলা
Galego
Tiếng Việt
Hrvatski
हिंदी
Հայերէն
Українська
Sámegiella
اللغة
كل الحقول
العنوان
المؤلف
الموضوع
رقم الاستدعاء
ردمك/تدمد
الوسم
ابحث
بحث متقدم
Preguntas frecuentes en torno...
استشهد بهذا
أرسل هذا بالبريد الإلكتروني
طباعة
تصدير التسجيلة
تصدير إلى RefWorks
تصدير إلى EndNoteWeb
تصدير إلى EndNote
أضف إلى المفضلة
رابط دائم
إضافة أول تقييم
Preguntas frecuentes en torno al estudio del género y economía /
محفوظ في:
التفاصيل البيبلوغرافية
المؤلف الرئيسي:
Cooper, Jennifer Ann
التنسيق:
نص
الموضوعات:
ECONOMIA
FEMENISMO
GENERO
TEORIA
الوسوم:
إضافة وسم
لا توجد وسوم, كن أول من يضع وسما على هذه التسجيلة!
المقتنيات
الوصف
التعليقات
مواد مشابهة
عرض للأخصائي
MARC
LEADER
00000 a a2200000 04500
001
5346
003
040
100
|a
Cooper, Jennifer Ann
245
|a
Preguntas frecuentes en torno al estudio del género y economía /
|c
Jennifer Ann Cooper
650
|a
ECONOMIA
650
|a
FEMENISMO
650
|a
GENERO
650
|a
TEORIA
773
|g
número 324; páginas 5-11
999
|c
24715
|d
24715
مواد مشابهة
Dominación patriarcal, feminismo, género y liberación /
حسب: Gutiérrez, Germán
Feminismo y discurso de género: reflexiones preliminares para un estudio sobre feminismo latinoamericano /
حسب: Restrepo, Alejandra
Psicoanálisis y género: debates en el foro /
حسب: Meler, Irene
Aportaciones sociológicas al estudio de la salud mental de las mujeres /
حسب: Ordorika Sacristán, Teresa
Democracia de género: una propuesta para mujeres y hombres del siglo XXI /